|
|
|
|
| LEADER |
00000nam0a2200000 4500 |
| 001 |
144195 |
| 005 |
20231101221100.0 |
| 010 |
|
|
|a 9785279032747
|
| 035 |
|
|
|a (RuTPU)RU\TPU\book\156277
|
| 090 |
|
|
|a 144195
|
| 100 |
|
|
|a 20080930d2008 m y0rusy50 ca
|
| 101 |
0 |
|
|a rus
|
| 102 |
|
|
|a RU
|
| 105 |
|
|
|a a j 001zy
|
| 200 |
1 |
|
|a Эконометрика
|e учебное пособие для вузов
|f В. А. Бывшев
|
| 210 |
|
|
|a Москва
|c Финансы и статистика
|d 2008
|
| 215 |
|
|
|a 480 с.
|c ил.
|
| 320 |
|
|
|a Библиогр.: с. 473.
|
| 320 |
|
|
|a Предметный указатель: с. 474-478.
|
| 330 |
|
|
|a Изложены методы построения эконометрических моделей, даны необходимые сведения из экономической теории, экономико-математического моделирования, теории вероятностей и математической статистики. В задачах для самостоятельной работы Представлены модели финансовых объектов, такие; как модель оценки капитальных активов (САРМ), рыночная модель ценной бумаги, параметрическая модель Марковица фондового рынка, модель доходов-сбережений и др. Для студентов очной и заочной форм обучения, магистрантов, преподавателей вузов, слушателей институтов переподготовки кадров и повышения квалификации.
|
| 606 |
1 |
|
|a Эконометрика
|2 stltpush
|3 (RuTPU)RU\TPU\subj\22155
|9 47019
|
| 610 |
1 |
|
|a экономико-математические модели
|
| 610 |
1 |
|
|a экономико-математические методы
|
| 610 |
1 |
|
|a временные ряды
|
| 610 |
1 |
|
|a множественная регрессия
|
| 610 |
1 |
|
|a теория вероятностей
|
| 610 |
1 |
|
|a оптимальные методы
|
| 610 |
1 |
|
|a регрессионные модели
|
| 610 |
1 |
|
|a теорема Гаусса
|
| 610 |
1 |
|
|a линейные модели
|
| 610 |
1 |
|
|a нелинейные модели
|
| 610 |
1 |
|
|a эконометрические зависимости
|
| 610 |
1 |
|
|a эконометрические модели
|
| 610 |
1 |
|
|a эконометрические уравнения
|
| 610 |
1 |
|
|a учебные пособия
|
| 686 |
|
|
|a Ув631я73
|v LBC/SL-A
|2 rubbk
|
| 700 |
|
1 |
|a Бывшев
|b В. А.
|g Виктор Алексеевич
|
| 801 |
|
1 |
|a RU
|b 63413507
|c 20080930
|g PSBO
|
| 801 |
|
2 |
|a RU
|b 63413507
|c 20220826
|g PSBO
|
| 900 |
|
|
|a Эконометрика
|
| 942 |
|
|
|c BK
|
| 951 |
|
|
|b 080105
|b 080109
|b 080102
|b 080107
|
| 959 |
|
|
|a 82/20080924
|d 3
|e 290,00
|f АНЛ:2
|f НФ:1
|